书目信息 |
| 题名: |
土木工程应用数学
|
|
| 作者: | 郭鑫 , 徐秀艳 主编 | |
| 分册: | ||
| 出版信息: | 北京 中国铁道出版社 2013 |
|
| 页数: | 133页 | |
| 开本: | 30cm | |
| 丛书名: | ||
| 单 册: | ||
| 中图分类: | TU12 | |
| 科图分类: | ||
| 主题词: | 土木工程--应用数学--职业大学--教材 , 土木工程 , 应用数学 | |
| 电子资源: | ||
| ISBN: | 978-7-113-16953-4 | |
| 000 | 00957nam0 2200265 450 | |
| 001 | 141328 | |
| 005 | 20141106135402.43 | |
| 010 | @a978-7-113-16953-4@dCNY 28.00 | |
| 100 | @a20131028d2013 em y0chiy50 ea | |
| 101 | 0 | @achi |
| 102 | @aCN@b110000 | |
| 105 | @ay z 000yy | |
| 200 | 1 | @a土木工程应用数学@9tu mu gong cheng ying yong shu xue@b专著@f徐秀艳,郭鑫主编 |
| 210 | @a北京@c中国铁道出版社@d2013 | |
| 215 | @a133页@d30cm | |
| 300 | @a哈尔滨职业技术学院国家骨干高职院校建设项目成果 道路桥梁工程技术专业 | |
| 330 | @a本书内容包括:工程力学中向量的计算;工程技术中的最值、曲率、误差估计问题;土木工程中不规则几何图形的面积、体积等问题计算;工程技术中梁的挠度、物体温度变化等实际问题的计算。 | |
| 606 | 0 | @a土木工程@x应用数学@x职业大学@j教材 |
| 606 | 0 | @a土木工程 |
| 606 | 0 | @a应用数学 |
| 690 | @aTU12@v5 | |
| 701 | 0 | @a郭鑫@9guo xin@4主编 |
| 701 | 0 | @a徐秀艳@9xu xiu yan@c(数学)@4主编 |
| 801 | 0 | @c20141106 |
| 905 | @a241430@dTU12@eX820 | |
| 土木工程应用数学/徐秀艳,郭鑫主编.-北京:中国铁道出版社,2013 |
| 133页;30cm |
| 哈尔滨职业技术学院国家骨干高职院校建设项目成果 道路桥梁工程技术专业 |
| ISBN 978-7-113-16953-4:CNY 28.00 |
| 本书内容包括:工程力学中向量的计算;工程技术中的最值、曲率、误差估计问题;土木工程中不规则几何图形的面积、体积等问题计算;工程技术中梁的挠度、物体温度变化等实际问题的计算。 |
| ● |
| 相关链接 |
|
|
|
正题名:土木工程应用数学
索取号:TU12/X820
 
预约/预借
| 序号 | 登录号 | 条形码 | 馆藏地/架位号 | 状态 | 备注 |
| 1 | 0837600 | 208376005 | 建筑库101/101建筑库 26排3列3层/ [索取号:TU12/X820] | 在馆 | |
| 2 | 0837601 | 208376014 | 建筑库101/101建筑库 26排3列3层/ [索取号:TU12/X820] | 在馆 | |
| 3 | 0837602 | 208376023 | 建筑库101/101建筑库 26排3列3层/ [索取号:TU12/X820] | 在馆 |